01366cam a22004214i 4500003000900000005001700009008004100026020001500067035002700082040003300109082001900142100002800161245009600189264007700285300003800362336002100400337002500421338002300446490003200469504003900501505020900540526001000749526001000759526000900769526000900778526000900787526000900796526000900805526000900814526000900823526000800832526000800840526000800848526000800856526000800864630005300872700001900925PE-LiUPU20250731165641.0150616s r 000 0 d a0802824307 a(Sirsi) i9780802824301 aPE-LiUPUbspacPE-LiUPUerda04a225.077bS2211 aJay Epp, Eldon,eautor.10aStudies in the Theory and Method of New Testament: Textual Criticism.n45 /cEldon Jay Epp. 1aGrand Rapids, Michigan :bWilliam B. Eerdmans Publishing Company,c1992. a414 páginas ;c25 centímetros atext2rdacontent aunmediated2rdamedia avolume2rdacarrier0 aStudies and documents ;v45 aBibliografía: páginas 360-399.0 aGeneral and Historical Overview -- Definitions -- Critique of Current Theory and MethodEstablishing Textual Relationships -- Papyri and text-critical method -- Method and use of Patristic Evidence Biblia. aSEG44 aSEG26 aP151 aP150 aP149 aP146 aP145 aP126 aP125 aP92 aP75 aP74 aP27 aP15 aBiblia.pN.T.xCrítica, interpretación, etc.1 aGordon D. Fee.